|
|
|
|
| LEADER |
00000naa a2200000 a 4500 |
| 001 |
vtls010257296 |
| 003 |
SK-MaSNL |
| 005 |
20260302143624.0 |
| 008 |
11030216s2007 xo o |0||||||||0|||b|sl |
| 015 |
|
|
|a SNBRA2008/10
|
| 035 |
|
|
|a SVKKK000092155
|
| 038 |
|
|
|a SVKKK
|
| 040 |
|
|
|a SVKKK
|b slo
|c SVKKK
|e AACR2
|
| 041 |
0 |
|
|a slo
|b eng
|
| 044 |
|
|
|a xo
|c SK
|
| 080 |
|
|
|a 631.432.2
|2 1997
|
| 100 |
1 |
|
|a Tall, Andrej
|4 aut
|9 23016
|
| 245 |
1 |
0 |
|a Simulácia zložiek vodnej bilancie v Somotore s ohľadom na indexy sucha a hydrolimity
|c Andrej Tall, Rastislav Mati
|
| 246 |
3 |
1 |
|a Simulation of water balance in Somotor according to the soil drought indexes and hydrolimits
|
| 300 |
|
|
|b Obr., tab.
|
| 504 |
|
|
|a Bibliogr. odkazy
|
| 546 |
|
|
|a Res. angl.
|
| 650 |
0 |
7 |
|a pôdna vlhkosť
|2 SNKPH
|9 70261
|
| 651 |
|
7 |
|a Somotor (Slovensko)
|2 SNKPHgeo
|9 52045
|
| 700 |
1 |
|
|a Mati, Rastislav,
|d 1961-
|4 aut
|9 202075
|
| 773 |
0 |
|
|t Zborník vedeckých prác Slovenského centra poľnohospodárskeho výskumu v Nitre - Ústavu agroekológie v Michalovciach 23
|d Michalovce : Slovenské centrum poľnohospodárskeho výskumu v Nitre - Ústav agroekológie, 2007
|g S. 351-359
|z 9788088872702
|
| 852 |
|
|
|a SVKKK
|b BIB
|
| 958 |
|
|
|a NB
|
| 999 |
|
|
|c 1345470
|d 1347400
|